Statistiques concernant Pokémon - Attaques de type Feu

Cliquez ici pour prendre le quiz!

Statistiques générales

  • Ce quiz a été pris 1 658 fois
    (358 depuis la dernière actualisation)
  • Le résultat moyen est 18 sur 42

Statistiques - réponses

GénérationAttaque% Correct
1Flammèche
95%
1Lance-Flammes
87%
1Déflagration
81%
1Poing Feu
78%
3Feu Follet
74%
2Roue de Feu
69%
4Boutefeu
67%
1Danse-Flamme
67%
4Crocs Feu
65%
5Nitrocharge
64%
2Zénith
56%
3Eruption
53%
2Feu sacré
50%
3Pied Brûleur
47%
3Surchauffe
46%
5Coup Victoire
43%
4Ebullilave
43%
5Flamme Croix
43%
5Aire de Feu
42%
5Rebondifeu
42%
5Calcination
40%
5Flamme bleue
40%
3Canicule
39%
5Feu d'enfer
39%
6Feu ensorcelé
39%
8Ballon Brûlant
38%
3Rafale Feu
37%
4Vortex Magma
37%
5Tacle Feu
34%
5Danse du Feu
28%
7Flamme Ultime
27%
7Fouet de Feu
26%
5Incendie
25%
7Carapiège
24%
9Chant Flamboyant
24%
7Caboche-Kaboum
19%
8Feu Envieux
19%
9Lame en Peine
13%
9Canon blindé
12%
7Evo-Flambo
12%
8Grand Courroux
10%
9Crash Brûlant
5%

Distribution des résultats

Percentile par nombre de réponses

% des personnes avec chaque résultat

Votre développement - résultats

Vous n’avez pas pris ce quiz depuis la dernière actualisation